Central Library OPAC University of Rajshahi

OCCURRENCE OF PARASITES AND THE EFFECTS OF ENVIRONMENTAL STRESSES ON THE OUTBREAK OF DISEASES OF FRESHWATER FISHES IN NORTHERN REGION OF BANGLADESH ; (Record no. 84092)

MARC details
000 -LEADER
fixed length control field 01068nam a2200253 a 4500
001 - CONTROL NUMBER
RUCL Control Number 84092
003 - CONTROL NUMBER IDENTIFIER
rucl marc code BD-RjUL
005 - DATE AND TIME OF LATEST TRANSACTION
control field 20241007143953.0
008 - FIXED-LENGTH DATA ELEMENTS--GENERAL INFORMATION
fixed length control field 241007s2008 bg a|||| m||| 00| 0 eng d
035 ## - SYSTEM CONTROL NUMBER
system control number (BD-RjUL)84092
040 ## - CATALOGING SOURCE
Original cataloging agency BD-RjUL
Language of cataloging eng
Transcribing agency BD-RjUL
Modifying agency BD-RjUL
041 ## - LANGUAGE CODE
Language code of Book eng
082 ## - DEWEY DECIMAL CLASSIFICATION NUMBER
DDC Edition number 23
Classification number 639.31095492
Author mark and Year HOO 2008
100 ## - MAIN ENTRY--PERSONAL NAME
Personal name Hossain, Md. Kabil
9 (RLIN) 13746
245 10 - TITLE STATEMENT
Title OCCURRENCE OF PARASITES AND THE EFFECTS OF ENVIRONMENTAL STRESSES ON THE OUTBREAK OF DISEASES OF FRESHWATER FISHES IN NORTHERN REGION OF BANGLADESH ;
Statement of responsibility, etc Md. Kabil Hossain
Name of Supervisor/Co-Supervisor Supervisors : Md. Delwer Hossain & Md. Habibur Rahman
260 ## - PUBLICATION, DISTRIBUTION, ETC. (IMPRINT)
Place of publication, distribution, etc Rajshahi :
Name of publisher, distributor, etc Institute of Biological Sciences, University of Rajshahi
Date of publication, distribution, etc 2008
300 ## - PHYSICAL DESCRIPTION
Pagination [4], xxii, [1], 280 leaves :
Other physical details ill.;
Dimensions 29 cm.
502 ## - DISSERTATION NOTE
Dissertation note Thesis (Ph.D.) -- Institute of Biological Sciences, University of Rajshahi,2008
504 ## - BIBLIOGRAPHY, ETC. NOTE
Bibliography, etc References : Leaves 254-280
650 ## - SUBJECT ADDED ENTRY--TOPICAL TERM
Topical term or geographic name as entry element Fisheries
Form subdivision Fresh Water
Geographic subdivision Bangladesh
9 (RLIN) 13747
700 ## - ADDED ENTRY--SUPERVISOR/CO-SUPERVISOR NAME
Personal name Hossain Md. Delwer, Supervisors
9 (RLIN) 13748
Personal name Rahman, Md. Habibur
942 ## - ADDED ENTRY ELEMENTS (KOHA)
Source of classification or shelving scheme Dewey Decimal Classification
Koha item type Theses
Holdings
Source of classification or shelving scheme Damaged status Not for loan Collection code Permanent Location Current Location Shelving location Date of accession Source of acquisition Total Checkouts Full call number Barcode Date last seen Copy number Thesis
Dewey Decimal Classification   Not For Loan Reference Central Library, University of Rajshahi Central Library, University of Rajshahi Documentation Section 06/11/2010 Controller of Exam. R.U.   THE 639.31095492 HOO 2008 D3123 07/10/2024 C-1 Theses